PSA schedule of rates for building works 2005 (Record no. 104019)

MARC details
000 -LEADER
fixed length control field 01265cam a2200241 4500
001 - CONTROL NUMBER
control field ##L128796
008 - FIXED-LENGTH DATA ELEMENTS--GENERAL INFORMATION
fixed length control field 050214n2004 000 0 eng u
020 ## - INTERNATIONAL STANDARD BOOK NUMBER
International Standard Book Number 0117031577
035 ## - SYSTEM CONTROL NUMBER
System control number (Sirsi) u128796
041 0# - LANGUAGE CODE
Language code of text/sound track or separate title eng
050 #4 - LIBRARY OF CONGRESS CALL NUMBER
Classification number 692.5 $2 18
110 2# - MAIN ENTRY--CORPORATE NAME
Corporate name or jurisdiction name as entry element Carillion Services
9 (RLIN) 3856
245 00 - TITLE STATEMENT
Title PSA schedule of rates for building works 2005
250 ## - EDITION STATEMENT
Edition statement 9th ed.
260 ## - PUBLICATION, DISTRIBUTION, ETC.
Place of publication, distribution, etc. London
Name of publisher, distributor, etc. TSO
Date of publication, distribution, etc. 2004
300 ## - PHYSICAL DESCRIPTION
Extent 620p.
Dimensions 30cm.
350 ## - PRICE (NR) (BK AM CF MU VM SE) [OBSOLETE]
Price 250
505 1# - FORMATTED CONTENTS NOTE
Formatted contents note General directions -- Employer's requirements -- Contractor's general cost items -- Cleaning, renovation and alteration -- Groundwork -- In situ concrete -- Masonry -- Structural and carcassing metal and timber -- Cladding and covering -- Waterproofing -- Linings, sheathing and dry partitioning -- Windows, doors and stairs -- Surface finishes -- Furniture and equipment -- Building fabric sundries -- Paving, planting and fencing -- disposal systems -- Piped supply systems -- Fixings
520 ## - SUMMARY, ETC.
Summary, etc. Ninth edition of the definitive guide for estimating, tendering and contracting work in the construction industry, containing over 18 000 priced items. Aimed at measured term contract procurement.
651 #4 - SUBJECT ADDED ENTRY--GEOGRAPHIC NAME
Geographic name United Kingdom
Chronological subdivision
690 ## - LOCAL SUBJECT ADDED ENTRY--TOPICAL TERM (OCLC, RLIN)
Topical term or geographic name as entry element BUILT ENVIRONMENT-BUILDING COSTS
942 ## - ADDED ENTRY ELEMENTS (KOHA)
Suppress in OPAC 0
Holdings
Withdrawn status Lost status Source of classification or shelving scheme Damaged status Not for loan Home library Current library Shelving location Date acquired Cost, normal purchase price Total Checkouts Full call number Barcode Date last seen Date last checked out Copy number Cost, replacement price Price effective from Koha item type
    Other/Generic Classification Scheme     London London Folio 13/12/2005 250.00 2 F692.5 CAR 30071318 06/08/2019 06/10/2009 1 250.00 06/08/2019 Book